Estructura económico financiera de una cooperativa /
El documento presenta la estructura económica y financiera de una cooperativa.
Αποθηκεύτηκε σε:
| Συγγραφή απο Οργανισμό/Αρχή: | |
|---|---|
| Μορφή: | Κείμενο |
| Γλώσσα: | Spanish |
| Έκδοση: |
San José:
INFOCOOP Publicaciones
1978
|
| Θέματα: | |
| Ετικέτες: |
Προσθήκη ετικέτας
Δεν υπάρχουν, Καταχωρήστε ετικέτα πρώτοι!
|
MARC
| LEADER | 00000 a a2200000 04500 | ||
|---|---|---|---|
| 001 | 14552 | ||
| 003 | cru CIDCACS/IIS | ||
| 005 | 20230612122839.0 | ||
| 008 | 230612e1978 cr ||||| |||| 00| 0 spa d | ||
| 040 | |c CRAI/IIS | ||
| 090 | |a 03.03.04 I59e | ||
| 110 | |a Instituto Nacional de Fomento Cooperativo (Costa Rica) | ||
| 245 | |a Estructura económico financiera de una cooperativa / |c Instituto Nacional de Fomento Cooperativo (Costa Rica) | ||
| 260 | |a San José: |b INFOCOOP Publicaciones |c 1978 | ||
| 300 | |a 8 páginas | ||
| 500 | |a Una edición es de 6 ps. y fecha abril de 1976 | ||
| 520 | |a El documento presenta la estructura económica y financiera de una cooperativa. | ||
| 650 | 0 | |9 143 |a ECONOMIA | |
| 650 | 0 | |9 7732 |a ESTRUCTURA ECONOMICA | |
| 650 | 0 | |9 193 |a COOPERATIVAS | |
| 650 | 0 | |9 7477 |a FINANZAS PUBLICAS | |
| 942 | |2 ddc |c LITG |h 03.03.04 I59e |i 05496 |6 030304_I59E_05496 | ||
| 999 | |c 15931 |d 15931 | ||
